000 00283nam a22001337a 4500
008 170623b xxu||||| |||| 00| 0 eng d
020 _a0256055254
041 _aeng
080 _a32
100 _a21
101 _aSHP
245 _aTHE UNITED NATIONS
_cRIGGS,R.E
942 _2udc
_cBK
999 _c18974
_d18974